Carbon sequestration: Estimation of carbon stock in natural forests using geospatial technology in the Eastern Ghats of Tamil Nadu, India (Record no. 55183)

MARC details
000 -LEADER
fixed length control field 01534nam a2200229Ia 4500
100 ## - MAIN ENTRY--AUTHOR NAME
Personal name Ramachandran A
245 #0 - TITLE STATEMENT
Title Carbon sequestration: Estimation of carbon stock in natural forests using geospatial technology in the Eastern Ghats of Tamil Nadu, India
260 ## - PUBLICATION, DISTRIBUTION, ETC. (IMPRINT)
Name of publisher Current Science
Year of publication 2007
300 ## - PHYSICAL DESCRIPTION
Number of Pages 323-331
520 ## - SUMMARY, ETC.
Summary, etc The need for a carbon databank is addressed in this article in the context of mitigating climatic changes. As a pilot study, carbon stock in a natural forest area of Kolli hills, part of the Eastern Ghats of Tamil Nadu, India has been estimated using geospatial technology. The total biomass, both above and below ground, is calculated and the total carbon stock estimated. Likewise, the sequestrated soil organic carbon is also estimated. The biomass carbon estimated is 2.74 Tg and the soil carbon is 3.48 Tg. The lesser soil organic carbon indicates that the forest area is severely affected by degradation due to various need-based forestry practices and anthropogenic disturbances. A national-level carbon databank is envisaged for all types of forest in India to study the temporal change and carbon sequestration potential for better management of forests.
650 ## - SUBJECT ADDED ENTRY--TOPICAL TERM
Topical Term Biomass carbon
650 ## - SUBJECT ADDED ENTRY--TOPICAL TERM
Topical Term Carbon sequestration
650 ## - SUBJECT ADDED ENTRY--TOPICAL TERM
Topical Term Eastern Ghats
650 ## - SUBJECT ADDED ENTRY--TOPICAL TERM
Topical Term Natural forest
650 ## - SUBJECT ADDED ENTRY--TOPICAL TERM
Topical Term Soil organic carbon
700 ## - ADDED ENTRY--PERSONAL NAME
Personal name Arockiasamy D I
700 ## - ADDED ENTRY--PERSONAL NAME
Personal name Bhaskaran A
700 ## - ADDED ENTRY--PERSONAL NAME
Personal name Haroon R M
700 ## - ADDED ENTRY--PERSONAL NAME
Personal name Jayakumar S
942 ## - ADDED ENTRY ELEMENTS (KOHA)
Koha item type Journals
Holdings
Withdrawn status Lost status Damaged status Not for loan Home library Current library Shelving location Date acquired Serial Enumeration / chronology Koha item type
      Journals RRII Library RRII Library Rubber general 05/06/2007 Volume 92, Issue 3 Journals